Statistics for The Office (U.S.) Regional Managers

Click here to take the quiz!

General Stats

  • This quiz has been taken 11 times
  • The average score is 7 of 11

Answer Stats

SeasonAnswer% Correct
8, 9Andy Bernard
89%
7, 9Dwight Schrute
89%
6Jim Halpert
89%
1-5, 5-6, 6-7Michael Scott
89%
8Robert California
78%
7Deangelo Vickers
67%
8Nellie Bertram
67%
7Creed Bratton
56%
Before ShowEd Truck
56%
5Charles Miner
44%
Before ShowHenry Rostin
0%

Score Distribution

Percentile by Number Answered

Percent of People with Each Score

Your Score History

You have not taken this quiz